| 000 | 00641nam a2200205Ia 4500 | ||
|---|---|---|---|
| 008 | 140626s9999 xx 000 0 und d | ||
| 100 | _aWang, Jing-Jy. | ||
| 245 |
_aCharacteristics and underlying meaning of hoarding behavior in elders with Alzheimer's dementia : _bcaregiver's perspective / _cJing-Jy Wang ... [et al.]. |
||
| 260 | _cc2013. | ||
| 300 | _a21 : 3, page 189 | ||
| 440 | _aThe Journal of Nursing Research (JNR) | ||
| 521 | _aNUR | ||
| 650 | _aAlzheimer's disease. | ||
| 650 | _aCaregivers. | ||
| 650 | _aDimentia. | ||
| 650 | _aElders. | ||
| 650 | _aHoarding behavior. | ||
| 650 | _aSecurity needs. | ||
| 942 | _cSE | ||
| 999 |
_c121403 _d121403 |
||